[Event "CHN-ch U20 Girls"]
[Site "Shenzhen"]
[Date "2023.07.29"]
[Round "3"]
[White "Shen, Qianyu"]
[Black "Xieli, Beilei"]
[Result "0-1"]
[WhiteElo "1366"]
[BlackElo "1629"]
[PlyCount "42"]
[EventDate "2023.07.28"]
[EventType "swiss"]
[EventRounds "11"]
[EventCountry "CHN"]
[SourceTitle "CBM 215 Extra"]
[Source "ChessBase"]
[SourceDate "2023.09.30"]
[SourceVersion "1"]
[SourceVersionDate "2023.09.30"]
[SourceQuality "1"]

1. d4 Nf6 2. Bg5 Ne4 3. Bf4 g5 4. Be5 f6 5. Bg3 Bg7 6. Nd2 Nxg3 7. hxg3 d5 8. e3 Bf5 9. Ngf3 e6 10. Be2 Nc6 11. c3 Qd7 12. Nb3 Bf8 13. Bd3 0-0-0 14. Bxf5 exf5 15. Qd2 Nb8 16. 0-0-0 Qe6 17. Qd3 Nd7 18. Kb1 Qe4 19. Qxe4 fxe4 20. Nh2 Bd6 21. Ng4 h5 0-1

[Event "CHN-ch U20 Girls"]
[Site "Shenzhen"]
[Date "2023.07.29"]
[Round "4"]
[White "Xieli, Beilei"]
[Black "Li, Zimeng"]
[Result "1/2-1/2"]
[WhiteElo "1629"]
[BlackElo "1581"]
[PlyCount "44"]
[EventDate "2023.07.28"]
[EventType "swiss"]
[EventRounds "11"]
[EventCountry "CHN"]
[SourceTitle "CBM 215 Extra"]
[Source "ChessBase"]
[SourceDate "2023.09.30"]
[SourceVersion "1"]
[SourceVersionDate "2023.09.30"]
[SourceQuality "1"]

1. e4 e6 2. d4 d5 3. e5 c5 4. c3 Nc6 5. Nf3 Qb6 6. a3 cxd4 7. cxd4 Nge7 8. Bd3 Bd7 9. Bc2 Nf5 10. Bxf5 exf5 11. 0-0 Be7 12. Nc3 Be6 13. b4 Rc8 14. Na4 Qb5 15. Nc5 0-0 16. Bg5 h6 17. Bxe7 Nxe7 18. a4 Qb6 19. b5 Qc7 20. Rc1 Qb8 21. Qb3 b6 22. Na6 Qb7 1/2-1/2

[Event "CHN-ch U20 Girls"]
[Site "Shenzhen"]
[Date "2023.07.28"]
[Round "2"]
[White "Xieli, Beilei"]
[Black "Tang, Qingchi"]
[Result "1/2-1/2"]
[WhiteElo "1629"]
[BlackElo "1525"]
[PlyCount "62"]
[EventDate "2023.07.28"]
[EventType "swiss"]
[EventRounds "11"]
[EventCountry "CHN"]
[SourceTitle "CBM 215 Extra"]
[Source "ChessBase"]
[SourceDate "2023.09.30"]
[SourceVersion "1"]
[SourceVersionDate "2023.09.30"]
[SourceQuality "1"]

1. e4 c5 2. Nf3 e6 3. d4 cxd4 4. Nxd4 a6 5. Bd3 Qc7 6. Nc3 Nf6 7. f4 d6 8. Qe2 e5 9. Nf3 Be6 10. f5 Bd7 11. Bg5 Bc6 12. Nd2 Nbd7 13. Bxf6 Nxf6 14. Nc4 b5 15. Ne3 Qb7 16. Ng4 Nd7 17. 0-0-0 Be7 18. Kb1 Rb8 19. Qe3 Nc5 20. Nd5 Bxd5 21. exd5 Nd7 22. Be2 a5 23. Rhf1 b4 24. h3 a4 25. Bc4 Qc7 26. Qe2 Qc5 27. Ne3 Bg5 28. Ng4 0-0 29. Nf2 Nf6 30. Ne4 Nxe4 31. Qxe4 Rfc8 1/2-1/2